Trouve les prénoms Harry potter par la lettre B #2 - Statistiques

Statistiques générales
  • Ce quiz a été pris 168 fois
  • Le résultat moyen est 5 sur 8
Statistiques - réponses
Hint Nom de famille Prénom % Correct
6 Hypogriffe Buck
97%
2 W Bill
88%
7 Fantôme Baron sanglant
87%
5 Zabini Blaise
85%
8 Jorkins Bertha
57%
1 L Bellatrix
41%
4 T Bathilda
39%
3 C Bartemius
33%
Aucun quiz correspondant
Distribution des résultats
% des personnes avec chaque résultat
Percentile par nombre de réponses
Votre historique - résultats
Vous n’avez pas pris ce quiz